Schaum's outlines : (Record no. 20061)
[ view plain ]
| 000 -LEADER | |
|---|---|
| fixed length control field | 01588cam a22002895a 4500 |
| 001 - CONTROL NUMBER | |
| control field | 15836330 |
| 005 - DATE AND TIME OF LATEST TRANSACTION | |
| control field | 20150827103419.0 |
| 008 - FIXED-LENGTH DATA ELEMENTS--GENERAL INFORMATION | |
| fixed length control field | 090722t2010 nyu fr 001 0 eng d |
| 020 ## - INTERNATIONAL STANDARD BOOK NUMBER | |
| International Standard Book Number | 9780071623629 (pbk. : alk. paper) |
| 020 ## - INTERNATIONAL STANDARD BOOK NUMBER | |
| International Standard Book Number | 0071623620 (pbk. : alk. paper) |
| 040 ## - CATALOGING SOURCE | |
| Original cataloging agency | DNLM/DLC |
| Transcribing agency | DLC |
| Modifying agency | YDX |
| -- | NLM |
| -- | YDXCP |
| -- | UKM |
| -- | QBX |
| -- | DLC |
| -- | EG-ScBUE |
| Language of cataloging | eng |
| 082 04 - DEWEY DECIMAL CLASSIFICATION NUMBER | |
| Classification number | 615.1 |
| Item number | KEO |
| Edition number | 22 |
| 100 1# - MAIN ENTRY--PERSONAL NAME | |
| Personal name | Keogh, James Edward, |
| Dates associated with a name | 1948- |
| 9 (RLIN) | 23969 |
| 245 10 - TITLE STATEMENT | |
| Title | Schaum's outlines : |
| Remainder of title | pharmacology / |
| Statement of responsibility, etc | James Keogh. |
| 246 30 - VARYING FORM OF TITLE | |
| Title proper/short title | Pharmacology |
| 260 ## - PUBLICATION, DISTRIBUTION, ETC. (IMPRINT) | |
| Place of publication, distribution, etc | New York : |
| Name of publisher, distributor, etc | McGraw-Hill, |
| Date of publication, distribution, etc | c.2010. |
| 300 ## - PHYSICAL DESCRIPTION | |
| Extent | x, 358 p. ; |
| Dimensions | 28 cm. |
| 490 1# - SERIES STATEMENT | |
| Series statement | Schaum's outline series |
| 500 ## - GENERAL NOTE | |
| General note | Index : p. 339-358. |
| 505 0# - FORMATTED CONTENTS NOTE | |
| Formatted contents note | What is pharmacology? -- Medication actions and interactions -- Pharmacology and the nursing process -- Substance abuse -- Principles of medication administration -- Route of administration -- Dose calculations -- Herbal therapy -- Vitamins and minerals -- Fluid and electrolyte therapy -- Nutritional support therapies -- Inflammation and anti-inflammatory medication -- Infection and antimicrobials -- Respiratory diseases and medication -- The neurologic system and medication -- Narcotic agonists -- Immunologic agents -- The gastrointestinal system -- Cardiac circulatory medications -- Skin disorders -- Endocrine medications -- Eye and ear disorders. |
| 650 #7 - SUBJECT ADDED ENTRY--TOPICAL TERM | |
| Topical term or geographic name as entry element | Pharmacology |
| Form subdivision | Outlines, syllabi, etc. |
| Source of heading or term | BUEsh |
| 9 (RLIN) | 36102 |
| 651 ## - SUBJECT ADDED ENTRY--GEOGRAPHIC NAME | |
| Source of heading or term | BUEsh |
| 653 ## - INDEX TERM--UNCONTROLLED | |
| Resource For college | Pharmacy |
| Arrived date list | June2015 |
| -- | August2015 |
| 655 ## - INDEX TERM--GENRE/FORM | |
| Form subdivision | |
| -- | 34232 |
| 830 #0 - SERIES ADDED ENTRY--UNIFORM TITLE | |
| Uniform title | Schaum's outline series. |
| 942 ## - ADDED ENTRY ELEMENTS (KOHA) | |
| Source of classification or shelving scheme | Dewey Decimal Classification |
| Call number prefix | 615.1 KEO |
| Withdrawn status | Lost status | Source of classification or shelving scheme | Damaged status | Not for loan | Home library | Current library | Shelving location | Date acquired | Source of acquisition | Cost, normal purchase price | Serial Enumeration / chronology | Total Checkouts | Total Renewals | Full call number | Barcode | Date last seen | Date last borrowed | Cost, replacement price | Koha item type |
|---|---|---|---|---|---|---|---|---|---|---|---|---|---|---|---|---|---|---|---|
| Dewey Decimal Classification | Central Library | Central Library | First floor | 29/06/2015 | 195.00 | 1091 | 1 | 1 | 615.1 KEO | 000039317 | 15/07/2025 | 07/02/2016 | 244.00 | Book - Borrowing |